Fortunario insólito para convivir con la lengua y unas cuantas cicatrices / (Registro nro. 10355)

Detalles MARC
000 -LIDER
fixed length control field 00898nam a2200265 4500
001 - NÚMERO DE CONTROL
Identificador de número de control 00005812
003 - IDENTIFICACDOR DE NÚMERO DE CONTROL
control field DO-SdBNP
005 - DATE AND TIME OF LATEST TRANSACTION
control field 20180214112751.0
007 - CAMPOS FIJOS DE DESCRIPCIÓN FÍSICA
fixed length control field 00005812
008 - ELEMENTOS DE LONGITUD FIJA
fixed length control field 160610b 2015 mx |||| 00| 0 spa d
040 ## - FUENTE DE CATALOGACIÓN
Agencia que crea de manera original el registro BPMSU
Idioma de catalogación spa
Agencia que realiza la transcripción BPMSU
092 ## - LOCALLY ASSIGNED DEWEY DECIMAL CALL NUMBER
Número de clasificación xxxxx
Número de ítem (Cutter) xxxxx
100 1# - ASIENTO PRINCIPAL -- NOMBRE PERSONAL
Nombre personal Berroa, Rei,
Fechas asociadas con el nombre 1949-
245 ## - MENCIÓN DE TITULO
Título Fortunario insólito para convivir con la lengua y unas cuantas cicatrices /
Mención de responsabilidad Rei Berroa ; edición Leticia Herrera
260 ## - PUBLICACIÓN, DISTRIBUCIÓN, ETC. (PIE DE IMPRENTA)
Lugar de publicación, distribución, etc Nuevo León, México :
Nombre del editor, distribuidor, etc. Ediciones Caletita,
Fecha de publicación, distribución, etc 2014.
300 ## - DESCRIPCIÓN FÍSICA
Extensión 43 p. ;
Dimensiones 14 cm.
490 1# - MENCIÓN DE SERIES
Mención de serie Las vaquitas flacas
Volume/sequential designation 8
500 ## - NOTA GENERAL
Nota general La biblioteca posee un ejemplar autografiado por el autor.
500 ## - NOTA GENERAL
Nota general Incluye datos biográficos del autor
700 12 - ASIENTO SECUNDARIO -- NOMBRE PERSONAL
Nombre personal Herrera, Leticia,
Mención de responsabilidad ed.
830 #0 - ASIENTO SECUNDARIO DE SERIE--TÍTULO UNIFORME
Nombre de la parte o sección de una obra Las vaquitas flacas ;
Volume number/sequential designation 8
942 ## - ADDED ENTRY ELEMENTS (KOHA)
Source of classification or shelving scheme Dewey Decimal Classification
Koha item type Libros
945 ## - INFORMACIÓN DE PROCESAMIENTO LOCAL
Información de procesamiento local Inventariado, 2018/ YL
956 ## - LOCAL ELECTRONIC LOCATION AND ACCESS (OCLC)
Método de acceso LOPEREZ
Materiales especificados 10
Enlace 20160610
Campo enlazado y núm. de secuencia BPMSU
Nombre de host 00041
Existencias
Withdrawn status Lost status Source of classification or shelving scheme Damaged status Not for loan Collection code Home library Current library Date acquired Source of acquisition Total Checkouts Barcode Date last seen Price effective from Koha item type
    Dewey Decimal Classification     Colección General Biblioteca Pública Metropolitana Salomé Ureña Biblioteca Pública Metropolitana Salomé Ureña 06/10/2016 Biblioteca Nacional Pedro Henríquez Ureña   BPMSU16060151 06/10/2016 06/10/2016 Libros